[Event "1st Sharjah Masters 2017"]
[Site "Sharjah UAE"]
[Date "2017.03.31"]
[Round "9.14"]
[White "Gledura, Benjamin"]
[Black "Kuzubov, Yuriy"]
[Result "1/2-1/2"]
[WhiteTitle "GM"]
[BlackTitle "GM"]
[WhiteElo "2588"]
[BlackElo "2643"]
[WhiteFideId "712779"]
[BlackFideId "14112906"]
[EventDate "2017.03.23"]

1. d4 Nf6 2. Nf3 d5 3. c4 e6 4. g3 Bb4+ 5. Bd2 Be7 6. Bg2 O-O 7. O-O c6 8. Qc2
b6 9. Bf4 Bb7 10. Rd1 Nbd7 11. Ne5 Nh5 12. Bd2 Nhf6 13. Bf4 Nh5 14. Bd2 Nhf6 15.
cxd5 cxd5 16. Nc6 Bxc6 17. Qxc6 a6 18. Qc2 b5 19. Qd3 Nb6 20. b3 Qd7 21. Ba5 Qc6
22. a3 Rfc8 23. Ra2 Bd8 24. f3 Nfd7 25. e3 Nb8 26. Bd2 Qd7 27. Bf1 Nc6 28. Rc1
e5 29. Rac2 exd4 30. exd4 Bf6 31. Be3 Nd8 32. Rxc8 Rxc8 33. Rxc8 Qxc8 34. Nc3
Nc6 35. Bf2 Be7 36. a4 bxa4 37. Nxa4 Nxa4 38. bxa4 Nb4 39. Qe2 Bf8 40. Be1 Qc6
41. Bxb4 Bxb4 42. Qxa6 Qxa6 43. Bxa6 Kf8 44. Bb7 Bc3 45. Kf1 Bxd4 46. a5 Ke7 47.
Bxd5 f6 48. Ke2 Kd6 49. Bg8 h6 50. Kd3 Bg1 51. a6 Kc7 52. h3 f5 53. Ke2 f4 54.
g4 Kb6 55. Bc4 g5 56. Kd3 Bf2 57. Ke4 Ka7 1/2-1/2

[Event "1st Sharjah Masters 2017"]
[Site "Sharjah UAE"]
[Date "2017.03.31"]
[Round "9.30"]
[White "Sadhwani, Raunak"]
[Black "Yakubboev, Nodirbek"]
[Result "0-1"]
[WhiteTitle "FM"]
[WhiteElo "2218"]
[BlackElo "2427"]
[WhiteFideId "35093487"]
[BlackFideId "14203987"]
[EventDate "2017.03.23"]

1. e4 e5 2. Nf3 Nc6 3. Bb5 a6 4. Ba4 g6 5. c3 d6 6. O-O Bg7 7. d4 Bd7 8. Bg5 f6
9. Bh4 h5 10. Bg3 Nge7 11. dxe5 dxe5 12. h3 g5 13. h4 g4 14. Ne1 f5 15. exf5
Nxf5 16. Nd3 Qe7 17. Bxc6 Bxc6 18. Nb4 Bb5 19. Re1 Rd8 20. Qb3 Nxg3 21. fxg3
Qc5+ 22. Kh2 Bc4 23. Qa4+ c6 24. Na3 Bf7 25. Rad1 O-O 26. Nd3 Qe7 27. Nb1 Rd5
28. Nf2 Rxd1 29. Rxd1 Bd5 30. Ne4 Qf7 31. Nbd2 Bh6 32. Qc2 Qg6 33. c4 Be6 34.
Qd3 Bf5 35. Qe2 Rd8 36. Ng5 Bc2 37. Rc1 Re8 38. c5 Qd3 39. Re1 Qxe2 40. Rxe2
Bxg5 41. hxg5 Bd3 42. Re3 e4 43. Nb3 Kf7 44. Nc1 Rd8 45. Kg1 Kg6 46. Kf2 Rf8+
47. Ke1 Rf1+ 48. Kd2 Rf2+ 49. Ne2 Kxg5 50. Ke1 Rxe2+ 51. Rxe2 Bxe2 52. Kxe2 Kf5
53. Ke3 Ke5 54. b4 Kd5 0-1